CTBSSP Synthesis 14: The Role of Safety Culture in Preventing Commercial Motor Vehicle Crashes / (Record no. 2273)
[ view plain ]
| 000 -LEADER | |
|---|---|
| fixed length control field | 00366 a2200097 4500 |
| 082 ## - DEWEY DECIMAL CLASSIFICATION NUMBER | |
| Classification number | 363.125 SHO |
| 100 ## - MAIN ENTRY--PERSONAL NAME | |
| Personal name | Short, Jeffrey |
| 245 ## - TITLE STATEMENT | |
| Title | CTBSSP Synthesis 14: The Role of Safety Culture in Preventing Commercial Motor Vehicle Crashes / |
| Statement of responsibility, etc. | Jeffery Short...[et al] |
| 260 ## - PUBLICATION, DISTRIBUTION, ETC. | |
| Place of publication, distribution, etc. | Washington : |
| Name of publisher, distributor, etc. | Transportation Research Board, |
| Date of publication, distribution, etc. | 2007 |
| 300 ## - PHYSICAL DESCRIPTION | |
| Extent | 49p. : |
| Other physical details | ill. ; |
| Dimensions | 30 cm |
| 650 ## - SUBJECT ADDED ENTRY--TOPICAL TERM | |
| Topical term or geographic name entry element | Motor Vehicle Crashes |
| Withdrawn status | Lost status | Damaged status | Not for loan | Permanent Location | Current Location | Shelving location | Date acquired | Total Checkouts | Full call number | Barcode | Date last seen | Price effective from | Koha item type |
|---|---|---|---|---|---|---|---|---|---|---|---|---|---|
| School of Civil and Environmental Engineering (SCEE) | School of Civil and Environmental Engineering (SCEE) | 363.125 SHO | NIT-3192 | 01/05/2017 | 01/05/2017 | Book |
